000 00473nab a2200145Ia 4500
003 ES-SlBCS
005 20210601141134.0
008 140529s2009 xxu||||| |||| 00| 0 spa d
041 _aspa
100 1 _aSarasa, Sebastià
_9238921
245 0 0 _a¿Qué tipo de prestaciones sociales necesitamos y para quién?
_c Sebastià Sarasa
650 0 4 _aPrestaciones Sociales Universales
_9252143
773 0 _tDocumentacion Social
_gnº. 154, 2009, págs. 25-38
_wRev166
942 _cAR
999 _c655854
_d655854